Capitales Mundiales más Cercanos a Bangkok - Estadísticas

Estadísticas generales
  • Esta prueba ha sido intentada 1.741 veces
  • La puntuación promedio es 16 de 21
Respuestas en el mapa
Las respuestas están codificadas por una escala verde-roja en el mapa de la prueba según el % correcto abajo.
 
Estadísticas de respuestas
km Capital % Correcto
3,296 Pekín
97%
2,912 Nueva Delhi
95%
3,722 Seúl
90%
1,431 Singapur
90%
2,325 Yakarta
88%
990 Hanói
86%
1,187 Kuala Lumpur
86%
2,214 Manila
85%
3,743 Pionyang
84%
2,543 Taipéi
81%
2,204 Katmandú
78%
1,532 Daca
77%
3,542 Islamabad
76%
521 Vientián
71%
541 Nom Pen
70%
3,717 Dili
58%
3,140 Malé
57%
813 Naipyidó
56%
1,893 Timbu
55%
1,866 Bandar Seri Begawan
54%
2,373 S. J. Kotte
52%
No se encontraron pruebas coincidentes
Distribución de puntuación
Porcentaje de gente con cada puntuación
Porcentaje por número respondido
Historial de tus puntuaciones
No has intentado esta prueba.